Basic analysis : Japanese grade 11 /
Guardado en:
| Otros Autores: | |
|---|---|
| Formato: | Libro |
| Idioma: | English Japanese |
| Publicado: |
Providence, R.I. : [Chicago, Ill.] :
American Mathematical Society ; University of Chicago School Mathematics Project,
c1996.
|
| Series: | Mathematical world,
v. 11 |
| Materias: | |
| Etiquetas: |
Agregar Etiqueta
Sin Etiquetas, Sea el primero en etiquetar este registro!
|
| LEADER | 00961pam a2200253 a 4500 | ||
|---|---|---|---|
| 001 | MAT.inmabb003298 | ||
| 008 | 960502s1996####riua##########001#0#eng## | ||
| 005 | 20180612143604.0 | ||
| 245 | 1 | 0 | |a Basic analysis : |b Japanese grade 11 / |c Kunihiko Kodaira, editor ; Hiromi Nagata, translator ; George Fowler, translation editor. |
| 260 | |a Providence, R.I. : |b American Mathematical Society ; |a [Chicago, Ill.] : |b University of Chicago School Mathematics Project, |c c1996. | ||
| 300 | |a xiii, 184 p. : |b il. ; |c 26 cm. | ||
| 440 | 0 | |a Mathematical world, |x 1055-9426 ; |v v. 11 | |
| 500 | |a Ed. original japonesa publicada en 1984. | ||
| 020 | |a 0821805800 | ||
| 130 | 0 | |a Kiso kaiseki. |l Inglés | |
| 700 | 1 | |a Kodaira, Kunihiko, |d 1915- | |
| 084 | |a 97-XX |2 msc2000 | ||
| 650 | 0 | |a Mathematical analysis. | |
| 084 | |a 00-01 |2 msc2000 | ||
| 084 | |a 26-01 |2 msc2000 | ||
| 010 | |a 96023130 | ||
| 040 | |a DLC |c DLC |d DLC | ||
| 041 | 1 | |a eng |h jpn | |
| 859 | |h 97 |i B311 |p A-7412 |b BIB. MATEMATICA | ||
